Tre sinfonie partitura /

Hlavní autor: Koželuh, Leopold, 1747-1818
Další autoři: Poštolka, Milan, 1932-1993
Jazyk: Nelze použít, není lingvistický obsah
Vydáno: Prague : Artia, 1969
Edice: Musica Antiqua Bohemica
Fyzický popis: 17, 113 s.
Hudebniny Hudebniny
Uloženo v:
LEADER 00867ncm a22002412a 4500
001 001226864
003 CZ BrMZK
005 20120627103212.0
007 qu
008 120627s1969 xr |||||||||||||||||zxx d
040 |a BOA001  |b cze 
072 7 |a 785  |x Instrumentální hudba. Symfonická hudba. Hudba pro více nástrojů  |2 Konspekt  |9 9 
100 1 |a Koželuh, Leopold,  |d 1747-1818  |7 jn19990209408  |4 cmp 
245 1 0 |a Tre sinfonie  |h [hudebnina] :  |b partitura /  |c Leopold Koželuh ; rev. Milan Poštolka 
260 |a Prague :  |b Artia,  |c 1969 
300 |a 17, 113 s. 
490 1 |a Musica Antiqua Bohemica ;  |v 72 
700 1 |a Poštolka, Milan,  |d 1932-1993  |7 jk01100776  |4 edt 
830 0 |a Musica Antiqua Bohemica 
910 |a BOA001  |b Mus4-0617.367 
990 |a MU 
991 |b 201206 
996 6 |b 2619091453  |c Mus4-0617.367  |l MZK  |r Sklad / do 1 hodiny  |n 0  |w 001260706  |u 000010  |a 1  |e BOA001  |j MZK50  |s P